000 00279nam a22001337a 4500
008 171025b xxu||||| |||| 00| 0 eng d
020 _a9780872186446
041 _aeng
080 _a336.2
100 _a55
101 _aTAK
245 _aTAXFACTS
_cMINER,D,A
942 _2udc
_cBK
999 _c35833
_d35833